Cristo y el comunismo,. (Record no. 1045)
[ view plain ]
| 000 -CABECERA | |
|---|---|
| campo de control de longitud fija | 00750cam a2200217 a 4500 |
| 001 - NÚMERO DE CONTROL | |
| campo de control | 000001084 |
| 005 - FECHA Y HORA DE LA ÚLTIMA TRANSACCIÓN | |
| campo de control | 20200929145456.0 |
| 008 - DATOS DE LONGITUD FIJA--INFORMACIÓN GENERAL | |
| campo de control de longitud fija | 820309s1974 uy 000 0 spa |
| 040 ## - FUENTE DE LA CATALOGACIÓN | |
| Centro catalogador/agencia de origen | DO-SdBNP |
| Lengua de catalogación | spa |
| Centro/agencia transcriptor | BNPHU |
| 082 ## - NÚMERO DE LA CLASIFICACIÓN DECIMAL DEWEY | |
| Número de clasificación | 261.21 |
| Número de documento/Ítem | J76c |
| 100 1# - ENTRADA PRINCIPAL--NOMBRE DE PERSONA | |
| Nombre de persona | Jones, E. Stanley |
| Forma completa/desarrollada del nombre | (Eli Stanley), |
| Fechas asociadas al nombre | 1884-1973. |
| 9 (RLIN) | 3706 |
| 245 10 - MENCIÓN DE TÍTULO | |
| Título | Cristo y el comunismo,. |
| 260 ## - PUBLICACIÓN, DISTRIBUCIÓN, ETC. | |
| Lugar de publicación, distribución, etc. | Montevideo, Uruguay, : |
| Nombre del editor, distribuidor, etc. | Editorial Mundo Hispano, |
| Fecha de publicación, distribución, etc. | 1974. |
| 300 ## - DESCRIPCIÓN FÍSICA | |
| Otras características físicas | 94 p. |
| Extensión | 20 cm. |
| 500 ## - NOTA GENERAL | |
| Nota general | Edición condensada de la versión castellana de C. T. Gattinoni |
| 650 #4 - PUNTO DE ACCESO ADICIONAL DE MATERIA--TÉRMINO DE MATERIA | |
| Término de materia o nombre geográfico como elemento de entrada | Comunismo e iglesia católica |
| 9 (RLIN) | 3707 |
| 650 #4 - PUNTO DE ACCESO ADICIONAL DE MATERIA--TÉRMINO DE MATERIA | |
| Término de materia o nombre geográfico como elemento de entrada | Comunismo y religión |
| 9 (RLIN) | 3708 |
| 650 #4 - PUNTO DE ACCESO ADICIONAL DE MATERIA--TÉRMINO DE MATERIA | |
| Término de materia o nombre geográfico como elemento de entrada | Sociología cristiana católica |
| 9 (RLIN) | 3709 |
| 630 00 - PUNTO DE ACCESO ADICIONAL DE MATERIA--TÍTULO UNIFORME | |
| Título uniforme | Reino de Dios |
| 9 (RLIN) | 3710 |
| 700 1# - PUNTO DE ACCESO ADICIONAL--NOMBRE DE PERSONA | |
| Nombre de persona | Gattinoni, Carlos T. |
| Término indicativo de función/relación | trad. |
| 9 (RLIN) | 3711 |
| Estado de retiro | Estado de pérdida | Restricciones de uso | No para préstamo | Código de colección | Localización permanente | Ubicación/localización actual | Ubicación en estantería | Fecha de adquisición | Número de inventario | Total de préstamos | Signatura topográfica completa | Código de barras | Fecha visto por última vez | Precio válido a partir de | Tipo de ítem Koha |
|---|---|---|---|---|---|---|---|---|---|---|---|---|---|---|---|
| Préstamo interno | Préstamo en sala | Dominicana de Servicio | Biblioteca Nacional Pedro Henríquez Ureña | Biblioteca Nacional Pedro Henríquez Ureña | Depósito | 22.09.2009 | LF1 | 261.21 J76c | 1084-10 | 25.06.2020 | 25.06.2020 | Libros y folletos |
